| 000 | 00794nam a22002777a 4500 | ||
|---|---|---|---|
| 003 | OSt | ||
| 005 | 20220519052721.0 | ||
| 008 | 170328b xxu||||| |||| 00| 0 eng d | ||
| 010 | _a 71106967 | ||
| 020 | _a0809047918 | ||
| 040 |
_aMMU _cMMU _dMMU _beng. |
||
| 043 | _an-us--- | ||
| 050 | 0 | 0 |
_aE185 _b.M4 1970 |
| 082 | 0 | 0 | _a973/.04/96073 |
| 100 | 1 |
_aMeier, August, _d1923- |
|
| 245 | 1 | 0 |
_aFrom plantation to ghetto/ _cby August Meier and Elliott Rudwick. |
| 250 | _aRev. ed. | ||
| 260 |
_aNew York: _bHill and Wang, _c[1970] |
||
| 300 |
_ax, 340 p. _bmap. _c22 cm. |
||
| 350 | _a6.50 | ||
| 490 | 0 | _aAmerican century series | |
| 500 | _aBibliography: p. 299-326. | ||
| 650 | 0 |
_aAfrican Americans _xHistory. |
|
| 700 | 1 |
_aRudwick, Elliott M., _ejoint author. |
|
| 942 |
_2lcc _cLOAN LOAN |
||
| 999 |
_c26238 _d26238 |
||